Portfolio management : (Record no. 7844)

MARC details
000 -LEADER
fixed length control field 00723 a2200193 4500
010 ## - LIBRARY OF CONGRESS CONTROL NUMBER
LC control number ENG-88205
020 ## - INTERNATIONAL STANDARD BOOK NUMBER
International Standard Book Number 818069416X
Terms of availability 1500.00
035 ## - SYSTEM CONTROL NUMBER
System control number EN-71738
037 ## - SOURCE OF ACQUISITION
Source of stock number/acquisition DBAD / PUB
082 14 - DEWEY DECIMAL CLASSIFICATION NUMBER
Classification number 332.60954
090 ## - LOCALLY ASSIGNED LC-TYPE CALL NUMBER (OCLC); LOCAL CALL NUMBER (OCLC)
-- 7987
-- 7987
100 1# - MAIN ENTRY--PERSONAL NAME
Personal name Ramesh Babu, G.
245 1# - TITLE STATEMENT
Title Portfolio management :
Remainder of title including security analysis for MBA (Finance), M.Com., MFA, MFC, PGDBA, PGDBM, PGDFM and CFA/
Statement of responsibility, etc by G. Ramesh Babu
260 ## - PUBLICATION, DISTRIBUTION, ETC. (IMPRINT)
Place of publication, distribution, etc New Delhi
Name of publisher, distributor, etc Concept Publishing Co.
Date of publication, distribution, etc 2007
270 ## - ADDRESS
Address A/15-16, commercial Block, Mohan Garden, New Delhi
Postal code 110 059
300 ## - PHYSICAL DESCRIPTION
Extent 656 p.
Dimensions 22 cm (Hb)
942 ## - ADDED ENTRY ELEMENTS (KOHA)
Institution code [OBSOLETE] dpl
Koha item type English Books
Call number prefix 332.60954 / GRA
Holdings
Withdrawn status Lost status Source of classification or shelving scheme Damaged status Not for loan Collection code Home library Current library Source of acquisition Cost, normal purchase price Total Checkouts Full call number Barcode Date last seen Copy number Uniform Resource Identifier Cost, replacement price Price effective from Koha item type
    Dewey Decimal Classification   Not For Loan Non-fiction D.B.Act.Division D.B.Act.Division DBAD/PUB 1500.00   332.60954 RAM EN-71738 15/09/2008 1 8741 1500.00 15/09/2008 English Books

© Delhi Public Library
Hit Counter
free hit counter